Looking East Since 1947: (Record no. 190667)

MARC details
000 -LEADER
fixed length control field 00636nam a22001817a 4500
005 - DATE AND TIME OF LATEST TRANSACTION
control field 20220802122555.0
010 ## - LCCN (DPL NO)
LC control number ENG-134155
020 ## - INTERNATIONAL STANDARD BOOK NUMBER
International Standard Book Number 9789383649785
Terms of availability 880.00
035 ## - SYSTEM CONTROL NUMBER
System control number EN-117687
037 ## - SOURCE OF ACQUISITION
Source of stock number/acquisition DBAB/PUB
082 ## - DEWEY DECIMAL CLASSIFICATION NUMBER
Classification number 327.54059
100 ## - MAIN ENTRY--PERSONAL NAME
Personal name Bhattacharya, Subhadeep
245 ## - TITLE STATEMENT
Title Looking East Since 1947:
Remainder of title India's Southeast Asia Policy/
Statement of responsibility, etc Subhadeep Bhattacharya
260 ## - PUBLICATION, DISTRIBUTION, ETC. (IMPRINT)
Place of publication, distribution, etc New Delhi
Name of publisher, distributor, etc KW Publishers Pvt Ltd
Date of publication, distribution, etc 2016
270 ## - ADDRESS
Address 4676/21, First Floor, Ansari Road, Daryaganj
City New Delhi
Postal code 110002
Electronic mail address knowledgeworld@vsnl.net
300 ## - PHYSICAL DESCRIPTION
Extent ix, 186p.
Other physical details Bibliography
Dimensions 23cm(hb)
942 ## - ADDED ENTRY ELEMENTS (KOHA)
Source of classification or shelving scheme Dewey Decimal Classification
Item type English Books
Classification part 327.54059
Call number suffix BHA
Holdings
Withdrawn status Lost status Not for loan Collection code Home library Current library Date acquired Source of acquisition Cost, normal purchase price Full call number Barcode Copy number Cost, replacement price Koha item type
      Non-fiction Bawana Bawana 02/08/2022 DBAD/PUB 880.00 327.54059 BHA EN-117687 1 880.00 English Books

© Delhi Public Library
Hit Counter
free hit counter